| 000 | 00868nam a2200277 a 4500 | ||
|---|---|---|---|
| 001 | 3213 | ||
| 003 | FISKH | ||
| 005 | 20240220094713.0 | ||
| 008 | 890710m19899999maua j 000 0 eng | ||
| 010 | _a 89160639 | ||
| 020 | _a0395476984 (bk. 1) | ||
| 040 |
_aDLC _cDLC _dDLC _beng |
||
| 042 | _alcac | ||
| 050 | _aPE1117.H60 | ||
| 082 | _a808.8 | ||
| 100 | _aDurr, William | ||
| 245 | 0 | 0 | _aHoughton Mifflin literary readers / |
| 260 |
_aBoston : _bHoughton Mifflin, _c1989. |
||
| 300 |
_a316 pages : _bcolor illustrations ; _c24 cm |
||
| 490 | _vBook 1 | ||
| 520 | _aA collection of stories and poems by such authors as Arnold Lobel, Beatrice Schenk de Regniers, Aileen Fisher, and Bernard Waber. | ||
| 650 | 0 | _aChildren's literature. | |
| 650 | 1 |
_aLiterature _xCollections. |
|
| 906 |
_a7 _bcbc _corignew _d2 _encip _f19 _gy-gencatlg |
||
| 942 |
_2ddc _cBK _n0 |
||
| 999 |
_c3213 _d3213 |
||